<?xml version="1.0" encoding="UTF-8"?><?xml-stylesheet type="text/xsl" href="static/style.xsl"?><OAI-PMH xmlns="http://www.openarchives.org/OAI/2.0/" xmlns:xsi="http://www.w3.org/2001/XMLSchema-instance" xsi:schemaLocation="http://www.openarchives.org/OAI/2.0/ http://www.openarchives.org/OAI/2.0/OAI-PMH.xsd"><responseDate>2026-04-27T20:17:44Z</responseDate><request verb="GetRecord" identifier="oai:uvadoc.uva.es:10324/77178" metadataPrefix="marc">https://uvadoc.uva.es/oai/request</request><GetRecord><record><header><identifier>oai:uvadoc.uva.es:10324/77178</identifier><datestamp>2025-08-26T19:05:41Z</datestamp><setSpec>com_10324_38</setSpec><setSpec>col_10324_787</setSpec></header><metadata><record xmlns="http://www.loc.gov/MARC21/slim" xmlns:doc="http://www.lyncode.com/xoai" xmlns:xsi="http://www.w3.org/2001/XMLSchema-instance" xmlns:dcterms="http://purl.org/dc/terms/" xsi:schemaLocation="http://www.loc.gov/MARC21/slim http://www.loc.gov/standards/marcxml/schema/MARC21slim.xsd">
<leader>00925njm 22002777a 4500</leader>
<datafield tag="042" ind1=" " ind2=" ">
<subfield code="a">dc</subfield>
</datafield>
<datafield tag="720" ind1=" " ind2=" ">
<subfield code="a">Ramírez Riaño, Nataly</subfield>
<subfield code="e">author</subfield>
</datafield>
<datafield tag="260" ind1=" " ind2=" ">
<subfield code="c">2025</subfield>
</datafield>
<datafield tag="520" ind1=" " ind2=" ">
<subfield code="a">El café colombiano es un producto que representa no solo calidad, sino también una profunda carga simbólica y cultural estrechamente ligada a la identidad nacional. Marcas como Juan Valdez han incorporado esta dimensión en su discurso de marca, construyendo una narrativa que articula origen, tradición y saber caficultor. Sin embargo, ciertos contenidos clave, como las fichas descriptivas de productos, carecen de una traducción oficial al inglés, lo que dificulta su accesibilidad para públicos internacionales y limita su potencial de internacionalización. Este documento tiene como objetivo proponer una traducción comentada al inglés de dichas fichas, con el propósito de proyectar la identidad cafetera colombiana en contextos angloparlantes. El estudio busca aportar al campo de la traducción especializada y su relación con la lengua del café, subrayando la necesidad de adaptar textos culturalmente marcados mediante estrategias traductológicas que equilibren la precisión terminológica con la preservación de la autenticidad cultural.</subfield>
</datafield>
<datafield tag="024" ind2=" " ind1="8">
<subfield code="a">https://uvadoc.uva.es/handle/10324/77178</subfield>
</datafield>
<datafield tag="245" ind1="0" ind2="0">
<subfield code="a">Traducción e identidad cafetera: Propuesta de traducción y localización al inglés de las fichas descriptivas de productos de la marca Juan Valdez.</subfield>
</datafield>
</record></metadata></record></GetRecord></OAI-PMH>